00641nam a2200229Ia 4500008004100000041001200041082000800053082001100061100001900072100001100091245003900102260001300141260002400154260000900178300001500187365002500202650002300227650001200250942000700262999001900269952012300288150909s9999 xx 000 0 und d aEnglish a547 bMUC/OR aMuccino R.R  eAuthor aOrganic syntheses wilk carbon-14 aNew York bJohn Wiley and Sons c1983 a679 Pages aRs.89  aOrganic chemistory aSterids cBK c234403d234403 00104070aKAUCOAbKAUCOAd2015-09-16g89.00l0o547 MUC/ORpKAU-COA-17943 r2015-09-16 00:00:00w2015-09-16yBK